Brain Posts [BLOG]

Saved in:
Bibliografiske detaljer
Format: Electronisk eBog
Udgivet: [S.l.] : Newstex, 2018.
Fag:
Online adgang:Full text available from Psychology Database
Full text available from Health & Medical Collection
Tags: Tilføj Tag
Ingen Tags, Vær først til at tagge denne postø!

MARC

LEADER 00000cam a22000003u 4500
001 ssib039891941
003 WaSeSS
005 20240517042148.0
006 m d
007 cr n
008 240517s2018 ||||||||s|||||||| ||||| d
035 |a (WaSeSS)ssib039891941 
040 |a WaSeSS  |c WaSeSS  |d WaSeSS 
245 0 0 |a Brain Posts [BLOG]  |h [electronic resource]. 
260 |a [S.l.] :  |b Newstex,  |c 2018. 
500 |a Title from content provider. 
506 |a License restrictions may limit access. 
655 0 |a Electronic books. 
856 4 0 |z Full text available from Psychology Database  |u https://wwwproquest.unach.elogim.com/intermediateredirectforezproxy 
856 4 0 |z Full text available from Health & Medical Collection  |u https://wwwproquest.unach.elogim.com/intermediateredirectforezproxy